[Event "Korolev-ch"]
[Site "Korolev"]
[Date "2000.??.??"]
[Round "7"]
[White "Zudov, Oleg"]
[Black "Zheleznikov, Alexey"]
[Result "1-0"]
[WhiteElo "2326"]
[BlackElo "2302"]
[PlyCount "113"]
[EventDate "2000.??.??"]
[EventType "swiss"]
[EventRounds "9"]
[EventCountry "RUS"]
[SourceTitle "EXT 2006"]
[Source "ChessBase"]
[SourceDate "2005.11.24"]
[SourceVersion "1"]
[SourceVersionDate "2005.11.24"]
[SourceQuality "1"]

1. g3 e5 2. Bg2 d5 3. d3 g6 4. Nd2 Bg7 5. e4 c6 6. Ne2 Ne7 7. 0-0 0-0 8. Re1 f5 9. exd5 Nxd5 10. Nc4 Be6 11. Nd4 exd4 12. Rxe6 Nc7 13. Re1 Nba6 14. Bf4 Nd5 15. Be5 Re8 16. Bxg7 Kxg7 17. Qd2 Nac7 18. Na5 Rb8 19. Rxe8 Qxe8 20. Nb3 Qe5 21. Re1 Qf6 22. Qa5 a6 23. Qc5 b6 24. Qxd4 Qxd4 25. Nxd4 c5 26. Nc6 Rf8 27. a3 Rf7 28. f4 Nf6 29. Nd8 Rd7 30. Ne6+ Kf7 31. Ng5+ Kf8 32. Nf3 Re7 33. Ne5 Ng4 34. h3 Nxe5 35. fxe5 a5 36. Kf2 Kf7 37. c3 Ne6 38. Bc6 Rc7 39. Bb5 Ke7 40. Ke3 Rc8 41. d4 cxd4+ 42. cxd4 Rc2 43. Re2 Rc1 44. Rd2 Nc7 45. Ba4 Nd5+ 46. Kf2 f4 47. Bb3 fxg3+ 48. Kxg3 Ke6 49. Rc2 Rxc2 50. Bxc2 b5 51. Bb3 a4 52. Ba2 g5 53. Kf3 h5 54. Ke4 g4 55. Bxd5+ Ke7 56. hxg4 hxg4 57. Kf4 1-0

[Event "Korolev-ch"]
[Site "Korolev"]
[Date "1999.??.??"]
[Round "3"]
[White "Samarin, Vitaly"]
[Black "Zheleznikov, Alexey"]
[Result "0-1"]
[WhiteElo "2182"]
[BlackElo "2331"]
[PlyCount "76"]
[EventDate "1999.??.??"]
[EventType "swiss"]
[EventRounds "9"]
[EventCountry "RUS"]
[SourceTitle "EXT 2006"]
[Source "ChessBase"]
[SourceDate "2005.11.24"]
[SourceVersion "1"]
[SourceVersionDate "2005.11.24"]
[SourceQuality "1"]

1. e4 e5 2. Nf3 Nc6 3. d4 exd4 4. Nxd4 g6 5. Nxc6 bxc6 6. Qd4 Qf6 7. c3 Bg7 8. Be3 Ne7 9. Nd2 0-0 10. Qxf6 Bxf6 11. Bd3 a5 12. a4 d6 13. 0-0 Ba6 14. Bxa6 Rxa6 15. Rac1 Bg7 16. Rc2 f5 17. f3 c5 18. b4 fxe4 19. b5 Raa8 20. fxe4 Rxf1+ 21. Kxf1 Kf7 22. Ke2 Nc8 23. Kd3 Nb6 24. Ra2 Ke6 25. h3 h6 26. c4 g5 27. Nf3 Be5 28. Bd2 Nd7 29. Ne1 Bg3 30. Nc2 Ne5+ 31. Kc3 Bf4 32. Be1 g4 33. h4 h5 34. g3 Bh6 35. Ra1 Rf8 36. Nd4+ cxd4+ 37. Kxd4 Rf3 38. Rd1 c5+ 0-1